Zamestnanecké výhody ako faktor plnenia všeobecných cieľov riadenia ľudí diplomová práca

Salvato in:
Dettagli Bibliografici
Autore principale: Surovčíková, Lucia
Ente Autore: Fakulta podnikového manažmentu EU. Katedra manažmentu
Altri autori: Gálik, Rudolf
Natura: Libro
Lingua:slovacco
Pubblicazione: Bratislava 2015
Tags: Aggiungi Tag
Nessun Tag, puoi essere il primo ad aggiungerne!!

MARC

LEADER 00000nbm a2200000 4500
001 0201249
005 20161213134322.1
041 0 |a slo 
044 |a SK 
245 1 0 |a Zamestnanecké výhody ako faktor plnenia všeobecných cieľov riadenia ľudí  |b diplomová práca  |c Lucia Surovčíková ; školiteľ: Rudolf Gálik 
264 1 |a Bratislava  |c 2015 
300 |a 61 s. 
100 1 |a Surovčíková, Lucia 
700 1 |a Gálik, Rudolf 
710 2 |a Fakulta podnikového manažmentu EU. Katedra manažmentu